| 000 | 01481cam a22002295a 4500 | ||
|---|---|---|---|
| 001 | L160164 | ||
| 008 | 180910s2018 xxk f 000 0 eng d | ||
| 035 | _a(Sirsi) u160164 | ||
| 041 | 0 | _aeng | |
| 110 | 2 |
_aCluttons _92064 |
|
| 245 | 4 | 0 |
_aLondon Connectivity Report _bPart Two Commercial occupiers and landlords _h[electronic resource] |
| 260 |
_aLondon _bCluttons _c2018 |
||
| 520 | _aSecond in a series of two reports looking at connectivity issues in London carried out in conjunction with YouGov. Part Two seeks to gain a better understanding of the importance being placed by commercial occupiers and landlords on digital connectivity by seeking opinions of 500 office based workers and 131 commercial landlords across London. The majority of office base workers surveyed commented that a well-connected office with high broadband speeds ranked ahead of ther considerations such as relocation costs, staff amentieis and flexibiity of space. 47% of those surveyed were willing to pay an extra 10% rental premiums for good digital connectivity. (Part one Residential Property see L160163) | ||
| 650 | 2 | 4 | _aCONNECTIVITY |
| 650 | 2 | 4 | _aARTIFICIAL INTELLIGENCE |
| 650 | 2 | 4 | _aBROADBAND |
| 650 | 2 | 4 | _aAGILE WORKING |
| 651 | 4 | _aLondon | |
| 690 |
_aCommercial property _96227 |
||
| 856 | 4 | 0 |
_uhttps://www.cluttons.com/gb/documents/london-connectivity-report-part-one-residential-tenants-march-2018 _zView the item free of charge from the www.cluttons.com website. |
| 942 | _n0 | ||
| 999 |
_c116252 _d116252 |
||